|
|
|
|
| LEADER |
00000cam a2200000 7i4500 |
| 001 |
0000004134 |
| 005 |
20151222.0 |
| 008 |
070724 |
| 020 |
|
|
|a 9832807344(set)
|
| 020 |
|
|
|a 9832807417
|
| 090 |
0 |
0 |
|a JF
|b ENG (3479)
|
| 100 |
0 |
|
|a Kay G
|
| 245 |
1 |
4 |
|a The little shoplifter
|c Kay G
|
| 260 |
|
|
|a Selangor :
|b Penerbitan PCT ,
|c 2004
|
| 440 |
|
|
|a PCT blue readers
|
| 500 |
|
|
|a Children ages 7-9 years old (orange)
|
| 650 |
|
0 |
|a Junior fiction
|x English
|x Languages
|
| 710 |
0 |
|
|a Title
|
| 999 |
|
|
|a 0000003016
|b Book
|c Children Collection
|e Cawangan Taman Universiti
|
| 999 |
|
|
|a 0000003017
|b Book
|c Children Collection
|e Cawangan Taman Universiti
|
| 999 |
|
|
|a 0000003018
|b Book
|c Children Collection
|e Cawangan Taman Universiti
|
| 999 |
|
|
|a 0000003019
|b Book
|c Children Collection
|e Cawangan Taman Universiti
|
| 999 |
|
|
|a 0000917737
|b Book
|c Children Collection
|e Cawangan Bukit Gambir
|
| 999 |
|
|
|a 0000917738
|b Book
|c Children Collection
|e Cawangan Bukit Gambir
|
| 999 |
|
|
|a 0000927957
|b Book
|c Children Collection
|e Cawangan Tangkak
|
| 999 |
|
|
|a 0000927958
|b Book
|c Children Collection
|e Cawangan Tangkak
|
| 999 |
|
|
|a 0000927959
|b Book
|c Children Collection
|e Cawangan Tangkak
|
| 999 |
|
|
|a 0000972334
|b Book
|c Children Collection
|e Perbadanan Perpustakaan Awam Johor
|
| 999 |
|
|
|a 0000972336
|b Book
|c Children Collection
|e Perbadanan Perpustakaan Awam Johor
|
| 999 |
|
|
|a 0000972337
|b Book
|c Children Collection
|e Cawangan Bandar Tenggara
|
| 999 |
|
|
|a 0000972338
|b Book
|c Children Collection
|e Perbadanan Perpustakaan Awam Johor
|